O meu, o seu, o nosso: refletindo sobre atitutes e espaços de convivência (Record no. 190842)

MARC details
000 -LÍDER
campo de controle de tamanho fixo 00480 a2200169 4500
001 - NÚMERO DE CONTROLE
campo de controle 190842
020 ## - ISBN - INTERNATIONAL STANDARD BOOK NUMBER
ISBN - International Standard Book Number 978-85-08-13215-7
040 ## - FONTE DA CATALOGAÇÃO
Instituição que transcreveu o registro Magnum
100 ## - ENTRADA PRINCIPAL--NOME PESSOAL
Nome pessoal Iacocca, Michele
240 10 - TÍTULO UNIFORME
Título uniforme O meu, o seu, o nosso: refletindo sobre atitutes e espaços de convivência
Idioma da obra por
245 10 - TÍTULO
Título O meu, o seu, o nosso: refletindo sobre atitutes e espaços de convivência
300 ## - DESCRIÇÃO FÍSICA
Extensão 48
362 0# - DATAS DE PUBLICAÇÃO E/OU DESIGNAÇÃO SEQUENCIAL
Datas de publicação e/ou designação sequencial 2012
440 #1 - DECLARAÇÃO DE SÉRIE/ENTRADA ADICIONADA--TÍTULO
Título Ática
697 ## - ENTRADA DE ASSUNTO LOCAL--ENTIDADE COLETIVA (RLIN)
Nome corporativo ou nome da jurisdição LITERATURA INFANTO-JUVENIL
942 ## - ELEMENTOS DE ENTRADA ADICIONADOS (KOHA)
Tipo de material Koha Livros
Holdings
Situação do descarte Situação das perdas Situação física Não pode ser emprestado Biblioteca de origem Biblioteca atual Data de aquisição Total de empréstimos Número de chamada completo Código de barras Data de último acesso Data do preço efetivo Tipo de material Koha
        Magnum Magnum 08/06/2024   869.2.1147 MAG00067844 08/06/2024 08/06/2024 Livros
        Magnum Magnum 08/06/2024   869.2.1147 MAG00067845 08/06/2024 08/06/2024 Livros
        Magnum Magnum 08/06/2024   869.2.1147 MAG00067846 08/06/2024 08/06/2024 Livros
        Magnum Magnum 08/06/2024   869.2.1147 MAG00067847 08/06/2024 08/06/2024 Livros